[Event "AUT-chT2O 1516"]
[Site "Austria"]
[Date "2015.11.28"]
[Round "3.6"]
[White "Petroczi, Thomas"]
[Black "Penz, Harald"]
[Result "1/2-1/2"]
[WhiteElo "2192"]
[BlackElo "2329"]
[PlyCount "52"]
[EventDate "2015.10.17"]
[EventType "team-tourn"]
[EventRounds "11"]
[EventCountry "AUT"]
[SourceTitle "EXT 2017"]
[Source "ChessBase"]
[SourceDate "2016.10.25"]
[SourceVersion "1"]
[SourceVersionDate "2016.10.25"]
[SourceQuality "1"]
[WhiteTeam "Donaustadt"]
[BlackTeam "Hietzing"]
[WhiteTeamCountry "AUT"]
[BlackTeamCountry "AUT"]

1. e4 e5 2. Nf3 Nf6 3. Nxe5 d6 4. Nf3 Nxe4 5. d4 d5 6. Bd3 Nc6 7. c4 Bb4+ 8. Nbd2 Bf5 9. Qc2 Nxd2 10. Bxd2 Bxd3 11. Qxd3 Bxd2+ 12. Kxd2 0-0 13. c5 Qf6 14. Rhe1 Rfe8 15. Rxe8+ Rxe8 16. Re1 Rxe1 17. Kxe1 h6 18. h3 b6 19. cxb6 cxb6 20. a3 g5 21. b4 Kg7 22. Ke2 b5 23. Qe3 Qf5 24. Qd3 Qf6 25. Qe3 Qg6 26. Qd3 Qf6 1/2-1/2

[Event "AUT-chT2O 1415"]
[Site "Austria"]
[Date "2015.01.24"]
[Round "6.6"]
[White "Petroczi, Thomas"]
[Black "Juenger, Heinz"]
[Result "1/2-1/2"]
[WhiteElo "2210"]
[BlackElo "2110"]
[PlyCount "105"]
[EventDate "2014.10.18"]
[EventType "team-tourn"]
[EventRounds "11"]
[EventCountry "AUT"]
[SourceTitle "EXT 2016"]
[Source "ChessBase"]
[SourceDate "2015.10.08"]
[SourceVersion "1"]
[SourceVersionDate "2015.10.08"]
[SourceQuality "1"]
[WhiteTeam "Donaustadt"]
[BlackTeam "Baden Invest"]
[WhiteTeamCountry "AUT"]
[BlackTeamCountry "AUT"]

1. d4 Nf6 2. g3 g6 3. Bg2 d5 4. Nf3 Bg7 5. 0-0 0-0 6. c4 dxc4 7. Ne5 Nc6 8. Nxc6 bxc6 9. Bxc6 Bh3 10. Bg2 Bxg2 11. Kxg2 Qd5+ 12. f3 Rfd8 13. Nc3 Qxd4 14. Qxd4 Rxd4 15. Be3 Rdd8 16. Rac1 e6 17. Nb5 Nd5 18. Bf2 Rdb8 19. a4 a6 20. Nd4 c5 21. Nc6 Rxb2 22. Rxc4 Rxe2 23. Kg1 Rc8 24. Rxc5 Rxf2 25. Rxf2 Bd4 26. Rxd5 Bxf2+ 27. Kxf2 Rxc6 28. Rd8+ Kg7 29. Ra8 Kf6 30. Ke3 Ke5 31. Ra7 f5 32. f4+ Kf6 33. Kd4 h6 34. h4 Rd6+ 35. Kc5 Rd5+ 36. Kb6 Rd6+ 37. Kc7 Ke7 38. Kb7 Rd3 39. Rxa6 Rxg3 40. Rb6 g5 41. hxg5 hxg5 42. fxg5 Rxg5 43. a5 f4 44. a6 Kf6 45. a7 Rg7+ 46. Ka6 Rxa7+ 47. Kxa7 Ke5 48. Rb1 f3 49. Kb6 Kd4 50. Rf1 Ke3 51. Re1+ Kd2 52. Rxe6 f2 53. Rf6 1/2-1/2

[Event "AUT-chT2M 0405"]
[Site "Austria"]
[Date "2005.04.03"]
[Round "11.6"]
[White "Hatzl, Johannes"]
[Black "Petroczi, Thomas"]
[Result "1/2-1/2"]
[WhiteElo "2078"]
[BlackElo "2164"]
[PlyCount "102"]
[EventDate "2004.10.16"]
[EventType "team-tourn"]
[EventRounds "11"]
[EventCountry "AUT"]
[SourceTitle "EXT 2005"]
[Source "ChessBase"]
[SourceDate "2004.11.15"]
[SourceVersion "1"]
[SourceVersionDate "2004.11.15"]
[SourceQuality "1"]
[WhiteTeam "Graz Styria"]
[BlackTeam "St Valentin"]
[WhiteTeamCountry "AUT"]
[BlackTeamCountry "AUT"]

1. e4 c6 2. d4 d5 3. Nd2 g6 4. e5 h5 5. Bd3 Nh6 6. Ne2 Nf5 7. Nf3 e6 8. c3 Be7 9. Bd2 a5 10. Qc1 b6 11. Ng3 Ba6 12. Nxf5 exf5 13. Bxa6 Nxa6 14. 0-0 Nc7 15. Bg5 Ne6 16. Bxe7 Qxe7 17. c4 Qd7 18. Rd1 dxc4 19. Qxc4 Qd5 20. Rac1 Qxc4 21. Rxc4 Kd7 22. d5 cxd5 23. Rxd5+ Ke7 24. Rd6 Rhc8 25. Rcc6 Nd8 26. Rxc8 Rxc8 27. Kf1 Rc6 28. Rd5 Ne6 29. g3 Rc5 30. Rxc5 Nxc5 31. Ke2 Na4 32. Kd2 Nxb2 33. Kc2 Na4 34. Kb3 b5 35. Nd4 Nc5+ 36. Kc2 f4 37. gxf4 Ne6 38. Nxb5 Nxf4 39. Nd4 a4 40. Kc3 g5 41. Kc4 g4 42. f3 f6 43. exf6+ Kxf6 44. fxg4 hxg4 45. Nc2 Ng2 46. Kb4 Nh4 47. Ne3 Kg5 48. Kxa4 Nf3 49. Nf1 Kf4 50. Ng3 Nxh2 51. Nh5+ Kg5 1/2-1/2

[Event "AUT-ch"]
[Site "Hartberg"]
[Date "2004.07.29"]
[Round "6"]
[White "Holzer, Gerhard"]
[Black "Petroczi, Thomas"]
[Result "1-0"]
[WhiteElo "2270"]
[BlackElo "2176"]
[PlyCount "57"]
[EventDate "2004.07.24"]
[EventType "swiss"]
[EventRounds "9"]
[EventCountry "AUT"]
[SourceTitle "CBM 101 Extra"]
[Source "ChessBase"]
[SourceDate "2004.09.01"]
[SourceVersion "2"]
[SourceVersionDate "2004.09.01"]
[SourceQuality "1"]

1. b3 Nf6 2. Bb2 d5 3. e3 Bf5 4. Nf3 Nbd7 5. Be2 h6 6. Nd4 Bh7 7. f4 e6 8. 0-0 c6 9. Nf3 Bd6 10. c4 0-0 11. d4 Ne4 12. c5 Be7 13. b4 b6 14. Nc3 a5 15. a3 Bf6 16. Qc1 Qb8 17. Nd2 axb4 18. Ncxe4 Bxe4 19. Nxe4 dxe4 20. axb4 Rxa1 21. Bxa1 bxc5 22. bxc5 Bd8 23. Qc2 f5 24. Qa2 Re8 25. Rb1 Qc7 26. Bc3 Nf6 27. Qa6 Be7 28. Rb7 Qc8 29. Rxe7 1-0

[Event "AUT-chT2M 0304"]
[Site "Austria"]
[Date "2003.11.08"]
[Round "1.6"]
[White "Petroczi, Thomas"]
[Black "Dietmayer Kraeutler, Marco"]
[Result "0-1"]
[WhiteElo "2164"]
[BlackElo "2137"]
[PlyCount "72"]
[EventDate "2003.11.08"]
[EventType "team-tourn"]
[EventRounds "11"]
[EventCountry "AUT"]
[SourceTitle "CBM 097 Extra"]
[Source "ChessBase"]
[SourceDate "2004.01.13"]
[SourceVersion "1"]
[SourceVersionDate "2004.01.13"]
[SourceQuality "1"]
[WhiteTeam "St Valentin"]
[BlackTeam "Leoben"]
[WhiteTeamCountry "AUT"]
[BlackTeamCountry "AUT"]

1. d4 d5 2. Nf3 Nf6 3. Bf4 Bf5 4. e3 e6 5. Bd3 Bg6 6. 0-0 Bd6 7. Bg5 Nbd7 8. c4 c6 9. Nc3 0-0 10. Bxg6 hxg6 11. cxd5 exd5 12. Qc2 Re8 13. Rfc1 Rc8 14. a3 Qc7 15. Bxf6 Nxf6 16. b4 a6 17. Na4 g5 18. g3 g4 19. Nd2 g6 20. Nc5 Kg7 21. a4 Bxc5 22. Qxc5 Qd7 23. Qc2 Rh8 24. Qd3 Rh3 25. b5 axb5 26. axb5 Rch8 27. Nf1 Ne4 28. bxc6 bxc6 29. Ra6 Qf5 30. Rc2 Qh5 31. f4 gxf3 32. Raxc6 Qf5 33. Rf2 Qg4 34. Rcc2 Nxg3 35. Rg2 fxg2 36. Rxg2 Qf5 0-1

[Event "AUT-chT2M 0203"]
[Site "Austria"]
[Date "2002.10.11"]
[Round "8"]
[White "Petroczi, Thomas"]
[Black "Brunnsteiner, Mario"]
[Result "1/2-1/2"]
[WhiteElo "2131"]
[BlackElo "2168"]
[PlyCount "35"]
[EventDate "2002.10.11"]
[EventType "team-tourn"]
[EventRounds "11"]
[EventCountry "AUT"]
[SourceTitle "EXT 2004"]
[Source "ChessBase"]
[SourceDate "2003.11.25"]
[SourceVersion "1"]
[SourceVersionDate "2003.11.25"]
[SourceQuality "1"]

1. e4 c5 2. Nf3 e6 3. d4 cxd4 4. Nxd4 Qb6 5. Nb3 Qc7 6. Bd3 Nf6 7. 0-0 d6 8. Nc3 a6 9. a4 b6 10. Qe2 Nbd7 11. Bf4 Bb7 12. Rad1 Ne5 13. Bg3 Be7 14. f4 Nxd3 15. cxd3 Rc8 16. Rc1 Qb8 17. Nd2 0-0 18. Nc4 1/2-1/2

[Event "Ernst Stoeckl Memorial 1st"]
[Site "Vienna"]
[Date "2002.02.10"]
[Round "9.1"]
[White "Havlicek, Josef"]
[Black "Petroczi, Thomas"]
[Result "0-1"]
[WhiteElo "2147"]
[BlackElo "2025"]
[PlyCount "82"]
[EventDate "2002.02.02"]
[EventType "swiss"]
[EventRounds "9"]
[EventCountry "AUT"]
[SourceTitle "EXT 2003"]
[Source "ChessBase"]
[SourceDate "2002.11.25"]
[SourceVersion "1"]
[SourceVersionDate "2002.11.25"]
[SourceQuality "1"]

1. d4 Nf6 2. c4 e6 3. Nc3 Bb4 4. e3 0-0 5. Bd3 d5 6. Nge2 c5 7. a3 cxd4 8. exd4 dxc4 9. Bxh7+ Nxh7 10. axb4 Nc6 11. b5 Na5 12. Ra4 Bd7 13. 0-0 a6 14. Ra2 axb5 15. Bf4 Bc6 16. Ng3 Qh4 17. Bc7 Nb3 18. Rxa8 Rxa8 19. d5 exd5 20. Nf5 Qg5 21. Nxd5 Re8 22. Nfe3 Nc5 23. f4 Qg6 24. f5 Qg5 25. Bf4 Qd8 26. Bc7 Qd7 27. Bb6 Na4 28. Ba5 Nxb2 29. Qd4 Nd3 30. Bc3 f6 31. Ra1 Rd8 32. Ba5 Ra8 33. Bc3 Rd8 34. Ba5 Re8 35. Bb6 Qd6 36. h4 Nf8 37. h5 Qe5 38. Nc7 Qxd4 39. Bxd4 Rc8 40. Ne6 Nxe6 41. fxe6 Rd8 0-1

[Event "Ernst Stoeckl Memorial 1st"]
[Site "Vienna"]
[Date "2002.02.08"]
[Round "7.1"]
[White "Dueckstein, Andreas"]
[Black "Petroczi, Thomas"]
[Result "1/2-1/2"]
[WhiteElo "2297"]
[BlackElo "2025"]
[PlyCount "54"]
[EventDate "2002.02.02"]
[EventType "swiss"]
[EventRounds "9"]
[EventCountry "AUT"]
[SourceTitle "EXT 2003"]
[Source "ChessBase"]
[SourceDate "2002.11.25"]
[SourceVersion "1"]
[SourceVersionDate "2002.11.25"]
[SourceQuality "1"]

1. e4 c6 2. d4 d5 3. Nc3 dxe4 4. Nxe4 Bf5 5. Ng3 Bg6 6. Nf3 Nd7 7. Bd3 Bxd3 8. Qxd3 Ngf6 9. 0-0 e6 10. Re1 Be7 11. b3 0-0 12. Bb2 Re8 13. Rad1 Qc7 14. c4 Rad8 15. Bc3 a6 16. Qd2 Bd6 17. Qb2 Bf8 18. h3 h6 19. Qd2 b6 20. Qc2 Qb7 21. Ne4 Be7 22. Nxf6+ Bxf6 23. Qe4 Qc7 24. Bd2 Be7 25. Bf4 Bd6 26. Bc1 Be7 27. Bb2 Bf6 1/2-1/2

[Event "Ernst Stoeckl Memorial 1st"]
[Site "Vienna"]
[Date "2002.02.07"]
[Round "6.1"]
[White "Petroczi, Thomas"]
[Black "Prager, Manfred"]
[Result "1-0"]
[WhiteElo "2025"]
[BlackElo "2063"]
[PlyCount "99"]
[EventDate "2002.02.02"]
[EventType "swiss"]
[EventRounds "9"]
[EventCountry "AUT"]
[SourceTitle "EXT 2003"]
[Source "ChessBase"]
[SourceDate "2002.11.25"]
[SourceVersion "1"]
[SourceVersionDate "2002.11.25"]
[SourceQuality "1"]

1. d4 Nf6 2. Nf3 e6 3. Bg5 Be7 4. e3 Ne4 5. Bxe7 Qxe7 6. Nbd2 f5 7. Bd3 d5 8. 0-0 0-0 9. Ne5 Nd7 10. Ndf3 c5 11. c3 c4 12. Be2 Nef6 13. b3 b5 14. a4 bxa4 15. bxc4 Ne4 16. Qc2 dxc4 17. Bxc4 Nb6 18. Bd3 Bb7 19. c4 Rfc8 20. Rfc1 Ng5 21. Qe2 Nxf3+ 22. Nxf3 Rc7 23. c5 Rac8 24. Ba6 Nd7 25. Rcb1 Bxa6 26. Qxa6 Nb8 27. Qxa4 g5 28. Ne5 Nd7 29. Nc4 Rb8 30. Nd6 Ra8 31. Qa5 Nb8 32. Qa2 Kf8 33. Rb2 Nc6 34. Rab1 Nd8 35. f3 a5 36. Rb8 Ra6 37. Nb7 Rxb7 38. R1xb7 Qxb7 39. Rxb7 Nxb7 40. Qc4 Rc6 41. Qb5 Rc7 42. Qb6 Re7 43. c6 Nd6 44. Qxa5 Ne8 45. e4 fxe4 46. fxe4 h6 47. Qc5 Kf7 48. d5 exd5 49. exd5 Kf6 50. d6 1-0

[Event "Ernst Stoeckl Memorial 1st"]
[Site "Vienna"]
[Date "2002.02.05"]
[Round "4.1"]
[White "Wiedner, Robert"]
[Black "Petroczi, Thomas"]
[Result "1/2-1/2"]
[WhiteElo "2185"]
[BlackElo "2025"]
[PlyCount "53"]
[EventDate "2002.02.02"]
[EventType "swiss"]
[EventRounds "9"]
[EventCountry "AUT"]
[SourceTitle "EXT 2003"]
[Source "ChessBase"]
[SourceDate "2002.11.25"]
[SourceVersion "1"]
[SourceVersionDate "2002.11.25"]
[SourceQuality "1"]

1. c4 g6 2. Nc3 Bg7 3. d4 d6 4. g3 f5 5. Bg2 Nf6 6. Bg5 c6 7. h4 Nbd7 8. e4 fxe4 9. Nxe4 Nxe4 10. Bxe4 Nf6 11. Bxf6 exf6 12. Qd2 Bd7 13. Ne2 Qe7 14. Bf3 0-0-0 15. b4 Be6 16. Rc1 Kb8 17. b5 c5 18. 0-0 Qf7 19. Qd3 g5 20. Rfe1 Bh6 21. hxg5 fxg5 22. Bg2 Rhf8 23. Rf1 Bg7 24. d5 Bf5 25. Be4 Bh3 26. Bg2 Bf5 27. Be4 1/2-1/2

[Event "AUT-chT2O 0001"]
[Site "Austria"]
[Date "2001.??.??"]
[Round "8"]
[White "Herbst, Daniel"]
[Black "Petroczi, Thomas"]
[Result "1-0"]
[WhiteElo "2090"]
[BlackElo "2130"]
[PlyCount "61"]
[EventDate "2000.??.??"]
[EventType "team-tourn"]
[EventRounds "11"]
[EventCountry "AUT"]
[SourceTitle "EXT 2003"]
[Source "ChessBase"]
[SourceDate "2002.11.25"]
[SourceVersion "1"]
[SourceVersionDate "2002.11.25"]
[SourceQuality "1"]

1. e4 c6 2. d4 d5 3. exd5 cxd5 4. Bd3 Nf6 5. c3 Nc6 6. Bf4 e6 7. Nf3 Bd6 8. Bxd6 Qxd6 9. 0-0 0-0 10. Re1 Rb8 11. Qe2 a6 12. Nbd2 Bd7 13. Ne5 Ne7 14. Nb3 Ng6 15. g3 Rfc8 16. f4 Be8 17. h4 b5 18. a3 Qb6 19. Nc5 Nxe5 20. fxe5 Nd7 21. b4 Nxc5 22. bxc5 Qa5 23. Qc2 h6 24. Qd2 Bd7 25. Rf1 Rf8 26. Bc2 Qd8 27. Qd3 g6 28. Rf6 Be8 29. h5 Rb7 30. Raf1 Qa5 31. hxg6 1-0

[Event "Kreuzberg 2000"]
[Site "Berlin"]
[Date "2000.07.29"]
[Round "8"]
[White "Petroczi, Thomas"]
[Black "Lorenz, Sascha"]
[Result "1/2-1/2"]
[WhiteElo "2130"]
[BlackElo "2298"]
[PlyCount "35"]
[EventDate "2000.07.??"]
[EventType "swiss"]
[EventRounds "9"]
[EventCountry "GER"]
[SourceTitle "EXT 2001"]
[Source "ChessBase"]
[SourceDate "2000.11.22"]
[SourceVersion "1"]
[SourceVersionDate "2000.11.22"]
[SourceQuality "1"]

1. d4 Nf6 2. Nf3 c5 3. c3 e6 4. Nbd2 Nc6 5. e3 d5 6. Bd3 Qc7 7. 0-0 Bd7 8. Re1 Bd6 9. h3 0-0 10. dxc5 Bxc5 11. e4 dxe4 12. Nxe4 Nxe4 13. Bxe4 f5 14. Bxc6 Bxc6 15. Nd4 Bd5 16. Nxe6 Bxe6 17. Rxe6 f4 18. Qf3 1/2-1/2

[Event "Kreuzberg 2000"]
[Site "Berlin"]
[Date "2000.07.23"]
[Round "2"]
[White "Petroczi, Thomas"]
[Black "Cladouras, Panagiotis"]
[Result "0-1"]
[WhiteElo "2130"]
[BlackElo "2338"]
[PlyCount "56"]
[EventDate "2000.07.??"]
[EventType "swiss"]
[EventRounds "9"]
[EventCountry "GER"]
[SourceTitle "EXT 2001"]
[Source "ChessBase"]
[SourceDate "2000.11.22"]
[SourceVersion "1"]
[SourceVersionDate "2000.11.22"]
[SourceQuality "1"]

1. d4 Nf6 2. Nf3 e6 3. Bg5 c5 4. e3 cxd4 5. exd4 b6 6. Nbd2 Bb7 7. c3 Be7 8. Bd3 0-0 9. 0-0 d6 10. Re1 Nbd7 11. Qe2 Re8 12. Ba6 Qc8 13. Bxb7 Qxb7 14. Nc4 b5 15. Ne3 Bf8 16. Qc2 Rec8 17. Qb3 d5 18. Nc2 Ne4 19. Bf4 h6 20. Ne5 Nxe5 21. dxe5 Nc5 22. Qb4 Nd3 23. Qd4 Nxe1 24. Rxe1 b4 25. Qd2 bxc3 26. bxc3 Qb2 27. Re3 d4 28. Rg3 Rxc3 0-1

[Event "Vienna Donau op"]
[Site "Vienna"]
[Date "1999.??.??"]
[Round "?"]
[White "Petroczi, Thomas"]
[Black "Mahdy, Khaled"]
[Result "0-1"]
[WhiteElo "2140"]
[BlackElo "2330"]
[PlyCount "62"]
[EventDate "1999.??.??"]
[EventType "swiss"]
[EventRounds "9"]
[EventCountry "AUT"]
[SourceTitle "EXT 2003"]
[Source "ChessBase"]
[SourceDate "2002.11.25"]
[SourceVersion "1"]
[SourceVersionDate "2002.11.25"]
[SourceQuality "1"]

1. e4 d6 2. d4 Nf6 3. Nc3 g6 4. f4 Bg7 5. Nf3 0-0 6. Be3 b6 7. Bd3 Bb7 8. h3 c5 9. 0-0 cxd4 10. Nxd4 Nbd7 11. Nb3 Rc8 12. Qe2 e5 13. Rad1 Nh5 14. Qd2 exf4 15. Bd4 Ne5 16. Ne2 g5 17. g4 Nf6 18. Nxf4 gxf4 19. Qxf4 Nfd7 20. c3 Nc5 21. Bc2 Qh4 22. Kg2 Rfe8 23. Bf2 Qe7 24. Rfe1 Ng6 25. Qf5 Qe5 26. Nxc5 dxc5 27. Rd7 Re7 28. Qxe5 Bxe5 29. Red1 Bc6 30. Rxe7 Nxe7 31. b4 c4 0-1

[Event "Oberwart op"]
[Site "Oberwart"]
[Date "1995.??.??"]
[Round "2"]
[White "Al Modiahki, Mohamad"]
[Black "Petroczi, Thomas"]
[Result "1-0"]
[WhiteElo "2360"]
[BlackElo "2195"]
[PlyCount "51"]
[EventDate "1995.07.??"]
[EventType "swiss"]
[EventRounds "9"]
[EventCountry "AUT"]
[SourceTitle "EXT 2001"]
[Source "ChessBase"]
[SourceDate "2000.11.22"]
[SourceVersion "1"]
[SourceVersionDate "2000.11.22"]
[SourceQuality "1"]

1. e4 c5 2. Nf3 d6 3. d4 cxd4 4. Nxd4 Nf6 5. Nc3 a6 6. g3 e6 7. Bg2 Qc7 8. 0-0 Be7 9. a4 Nc6 10. Nb3 b6 11. f4 Bb7 12. Be3 0-0 13. g4 Nd7 14. g5 Rfe8 15. Rf3 Bf8 16. Rh3 g6 17. Qg4 Bg7 18. Qh4 Nf8 19. f5 Ne5 20. f6 Bh8 21. Rf1 Nc4 22. Bc1 Bc6 23. Nd1 Bxa4 24. Nf2 Ne5 25. Bf4 Bxb3 26. Bxe5 1-0

[Event "AUT-chT2O 9596"]
[Site "Austria"]
[Date "1995.??.??"]
[Round "1"]
[White "Petroczi, Thomas"]
[Black "Amberger, Dieter"]
[Result "1/2-1/2"]
[WhiteElo "2205"]
[BlackElo "2100"]
[PlyCount "89"]
[EventDate "1995.??.??"]
[EventType "team-tourn"]
[EventRounds "11"]
[EventCountry "AUT"]
[SourceTitle "EXT 1999"]
[Source "ChessBase"]
[SourceDate "1998.11.16"]
[SourceVersion "1"]
[SourceVersionDate "1998.11.16"]
[SourceQuality "1"]

1. e4 e5 2. Nf3 Nc6 3. Bb5 a6 4. Ba4 Nf6 5. 0-0 Be7 6. Re1 b5 7. Bb3 d6 8. c3 0-0 9. h3 Bb7 10. d4 Re8 11. Nbd2 Bf8 12. Bc2 g6 13. d5 Nb8 14. b3 Nbd7 15. Nf1 Bg7 16. Ng3 Nf8 17. Be3 h6 18. Qd2 Kh7 19. a4 Qd7 20. c4 bxc4 21. bxc4 c5 22. Reb1 Reb8 23. Rb2 Bc8 24. Rab1 Rxb2 25. Rxb2 Qc7 26. Qc1 N8d7 27. Bd2 Rb8 28. Ne1 Rxb2 29. Qxb2 Qb6 30. Nd3 Bf8 31. a5 Qxb2 32. Nxb2 Be7 33. Ba4 Bd8 34. f3 Kg7 35. Kf2 Nb8 36. Ne2 Nh7 37. Bc3 Bd7 38. Bc2 f6 39. Na4 Ng5 40. Nb6 Be8 41. Nc1 Nf7 42. Nd3 Bxb6 43. axb6 Nd8 44. Nb2 Nb7 45. Ke3 1/2-1/2

[Event "AUT-chT2O 9495"]
[Site "Austria"]
[Date "1995.??.??"]
[Round "?"]
[White "Petroczi, Thomas"]
[Black "Knoflicek, Ctibor"]
[Result "1/2-1/2"]
[WhiteElo "2195"]
[BlackElo "2200"]
[PlyCount "51"]
[EventDate "1994.??.??"]
[EventType "team-tourn"]
[EventRounds "11"]
[EventCountry "AUT"]
[SourceTitle "EXT 1999"]
[Source "ChessBase"]
[SourceDate "1998.11.16"]
[SourceVersion "1"]
[SourceVersionDate "1998.11.16"]
[SourceQuality "1"]

1. d4 d5 2. c4 e6 3. Nc3 c6 4. e4 dxe4 5. Nxe4 Bb4+ 6. Nc3 c5 7. a3 Bxc3+ 8. bxc3 Nf6 9. Be3 Qa5 10. Qc2 cxd4 11. Bxd4 e5 12. Be3 Nc6 13. Nf3 Bf5 14. Qb2 0-0 15. Be2 Ne4 16. Rc1 Nc5 17. Bxc5 Qxc5 18. 0-0 Na5 19. Qb4 Rac8 20. Rfd1 Be6 21. Ng5 Bxc4 22. Bxc4 Nxc4 23. Qxb7 h6 24. Ne4 Qc6 25. Qxc6 Rxc6 26. Rd7 1/2-1/2